| 000 | 00329nam a2200133Ia 4500 | ||
|---|---|---|---|
| 008 | 230312s9999||||xx |||||||||||||| ||und|| | ||
| 082 |
_a362.109 _bALA-E |
||
| 100 | _aAlam;Muhammad,Naveed | ||
| 245 | 0 | _aExcel community medicine | |
| 260 |
_bAid foundation _aPK _c2015 |
||
| 300 | _a441 | ||
| 650 |
_aMedical _vMedicine |
||
| 942 | _cBK | ||
| 999 |
_c2538 _d2538 |
||